<?xml version="1.0" encoding="UTF-8"?>
<record
    xmlns:xsi="http://www.w3.org/2001/XMLSchema-instance"
    xsi:schemaLocation="http://www.loc.gov/MARC21/slim http://www.loc.gov/standards/marcxml/schema/MARC21slim.xsd"
    xmlns="http://www.loc.gov/MARC21/slim">

  <leader>00729nam a22002291i 4500</leader>
  <controlfield tag="001">24067</controlfield>
  <datafield tag="090" ind1=" " ind2=" ">
    <subfield code="a">24067</subfield>
  </datafield>
  <datafield tag="010" ind1=" " ind2=" ">
    <subfield code="a">9789727111572</subfield>
  </datafield>
  <datafield tag="100" ind1=" " ind2=" ">
    <subfield code="a">20170304u        u  u0frey50      ba</subfield>
  </datafield>
  <datafield tag="101" ind1="0" ind2=" ">
    <subfield code="a">por</subfield>
  </datafield>
  <datafield tag="200" ind1="1" ind2=" ">
    <subfield code="f">Doris Martin</subfield>
    <subfield code="a">QE - O que &#xE9; a intelig&#xEA;ncia emocional</subfield>
  </datafield>
  <datafield tag="215" ind1=" " ind2=" ">
    <subfield code="a">204, [2] p.</subfield>
    <subfield code="d">23 cm</subfield>
  </datafield>
  <datafield tag="300" ind1=" " ind2=" ">
    <subfield code="a">Exemplar n&#xC7;  0035495 oferta de Maria Paula Carpinteiro</subfield>
  </datafield>
  <datafield tag="701" ind1=" " ind2="1">
    <subfield code="a">Boeck</subfield>
    <subfield code="b">Karin</subfield>
    <subfield code="4">070</subfield>
  </datafield>
  <datafield tag="700" ind1=" " ind2="1">
    <subfield code="a">Martin</subfield>
    <subfield code="b">Doris</subfield>
    <subfield code="4">070</subfield>
  </datafield>
  <datafield tag="210" ind1=" " ind2=" ">
    <subfield code="c">Pergaminho</subfield>
    <subfield code="d">1999</subfield>
  </datafield>
  <datafield tag="225" ind1="2" ind2=" ">
    <subfield code="a">Biblioteca pergaminho</subfield>
  </datafield>
  <datafield tag="410" ind1=" " ind2="0">
    <subfield code="t">Biblioteca pergaminho</subfield>
  </datafield>
  <datafield tag="225" ind1="2" ind2=" ">
    <subfield code="i">Intelig&#xEA;ncia Emocional</subfield>
  </datafield>
  <datafield tag="411" ind1=" " ind2="0">
    <subfield code="t">Intelig&#xEA;ncia Emocional</subfield>
  </datafield>
  <datafield tag="996" ind1=" " ind2=" ">
    <subfield code="f">0035495</subfield>
    <subfield code="k">MAR</subfield>
    <subfield code="m">00000000</subfield>
    <subfield code="n">00000000</subfield>
    <subfield code="a">BMVAAL</subfield>
    <subfield code="b">3</subfield>
    <subfield code="v">Alc&#xE1;&#xE7;ovas</subfield>
    <subfield code="x">Psicologia</subfield>
    <subfield code="y">25</subfield>
    <subfield code="e">Livro</subfield>
    <subfield code="1">0</subfield>
    <subfield code="3">1</subfield>
  </datafield>
  <datafield tag="990" ind1=" " ind2=" ">
    <subfield code="c">LIVROS</subfield>
  </datafield>
  <datafield tag="995" ind1=" " ind2=" ">
    <subfield code="0">0</subfield>
    <subfield code="1">0</subfield>
    <subfield code="9">32854</subfield>
    <subfield code="b">BMVA</subfield>
    <subfield code="d">BMVAAL</subfield>
    <subfield code="f">0030340</subfield>
    <subfield code="k">159.9 MAR</subfield>
    <subfield code="o">0</subfield>
    <subfield code="r">LIVROS</subfield>
  </datafield>
</record>
